000
00260nam a2200133Ia 4500
100
_a
Khanna/M.L
942
_c
BK
654
_a
iit
245
_a
IIT Mathematics
260
_b
Jai prakash
_a
Meerut
082
_a
519
_b
KHA
300
_a
1094
546
_a
ENGLISH
999
_c
18680
_d
18680